| 000 | 00509nam a2200169 i 4500 | ||
|---|---|---|---|
| 001 | 60386 | ||
| 003 | ES-MaACL | ||
| 005 | 20230906164225.0 | ||
| 007 | t| | ||
| 008 | 031104s1969 sp ||||1| spa d | ||
| 245 | 0 | 0 |
_aEsquemas para retiros _b: la esperanza de nuestra renovación. |
| 260 |
_a[Madrid : _bAcción Católica Española, _c1969] |
||
| 300 |
_a109 p. ; _c19 cm. |
||
| 500 | _aVan en cuadernillos sueltos. | ||
| 710 | 2 |
_aAcción Católica Española. _91243 |
|
| 852 |
_aES-MaACL _jC-51684 _bR.71510 |
||
| 999 |
_c60386 _d60386 |
||